000 00415nam a22001697a 4500
005 20180323164828.0
008 160615b xxu||||| |||| 00| 0 eng d
020 _a81-7758-386-7
041 _aeng
082 _b7772
_a338.5024658
100 _aPeterson, Graig H
_91991
245 _aManagerial Economics
260 _aDelhi
_bpearson education
_c2008
300 _a617
650 _aManagement
_9241
942 _cBK
999 _c2782
_d2781